00502 2200193 4500001002100000005001500021008004100036020001800077035001900095041000700114082000800121090001400129100002000143245004500163260004300208300003000251500000600281650002100287INLIS00000000000231020241224112520241224||||||||| | ||| |||| || |  a979-24-5614-7 0010-1224002310 aid0 a609 a609 IRA c0 aIrwan Kurniawan00aCiptaan - Ciptaan dan Penemuan -Penemuan aBandungbYayasan Nuansa Cendikiac2006 aiv, 76 hlm.; ilus.: 21 cm a1 0aIlmu Pengetahuan